000 00380 a2200169 4500
001 45871
020 _a8508036884
040 _cAnchieta - Aquarius
100 _aTikitaka, Sônia
240 1 0 _aO verde e a vida
_lpor
245 1 0 _aO verde e a vida
300 _a40
362 0 _a1990
440 1 _aÁtica
650 4 _aEcologia / Meio ambiente / Biodiversidade
942 _cBK
999 _c45871
_d45871